[Event "BCF-ch Major"]
[Site "Hull"]
[Date "2024.07.29"]
[Round "3"]
[White "McLean, Rory"]
[Black "Izod, Chris"]
[Result "0-1"]
[WhiteElo "1768"]
[BlackElo "1924"]
[PlyCount "56"]
[EventDate "2024.07.27"]
[EventType "swiss"]
[EventRounds "9"]
[EventCountry "ENG"]
[SourceTitle "CBM 221 Extra"]
[Source "ChessBase"]
[SourceDate "2024.09.30"]
[SourceVersion "1"]
[SourceVersionDate "2024.09.30"]
[SourceQuality "1"]

1. d4 Nf6 2. c4 e6 3. Nc3 d5 4. cxd5 exd5 5. Bg5 Be7 6. e3 c6 7. Bd3 0-0 8. Qc2 Nbd7 9. Nf3 Re8 10. 0-0 Nf8 11. Rab1 a5 12. a3 Ne4 13. Bxe7 Qxe7 14. Na4 Ng6 15. Nb6 Rb8 16. Nd2 Nh4 17. Nb3 Bh3 18. Bxe4 dxe4 19. g3 Nf3+ 20. Kh1 Rbd8 21. Rfd1 Qf6 22. d5 c5 23. Nc4 Qh6 24. d6 Nxh2 25. d7 Nf3 26. dxe8Q+ Rxe8 27. Rd6 Be6+ 28. Kg2 Qh3# 0-1

[Event "BCF-ch Major"]
[Site "Hull"]
[Date "2024.07.27"]
[Round "1"]
[White "Hu, Junyan"]
[Black "Izod, Chris"]
[Result "0-1"]
[WhiteElo "1617"]
[BlackElo "1924"]
[PlyCount "98"]
[EventDate "2024.07.27"]
[EventType "swiss"]
[EventRounds "9"]
[EventCountry "ENG"]
[SourceTitle "CBM 221 Extra"]
[Source "ChessBase"]
[SourceDate "2024.09.30"]
[SourceVersion "1"]
[SourceVersionDate "2024.09.30"]
[SourceQuality "1"]

1. e4 e6 2. d4 d5 3. e5 c5 4. c3 Nc6 5. Nf3 Nge7 6. Bd3 cxd4 7. cxd4 Nf5 8. Bxf5 exf5 9. Nc3 Be6 10. Kf1 h6 11. h4 g6 12. Ne2 Qb6 13. Nf4 0-0-0 14. a3 Kb8 15. Kg1 Be7 16. Nxe6 fxe6 17. b4 g5 18. hxg5 hxg5 19. Rxh8 Rxh8 20. Nxg5 Qxd4 21. Qxd4 Nxd4 22. Ra2 Rc8 23. Be3 Bxg5 24. Bxg5 Rc2 25. Ra1 Rb2 26. Be7 b5 27. Rc1 Ne2+ 28. Kf1 Nxc1 29. f3 Kc7 30. Bd6+ Kd7 31. Bc5 Nd3 32. Bxa7 Nxe5 33. Bd4 Rb1+ 34. Kf2 Nc4 35. f4 Rb3 36. g3 Nxa3 37. Bc5 Nc4 38. Kg2 Nd2 39. Kh3 Ne4 40. Bf8 Rxg3+ 41. Kh2 Rg8 42. Bc5 Nxc5 43. bxc5 b4 44. c6+ Kxc6 45. Kh3 b3 46. Kh2 b2 47. Kh3 b1Q 48. Kh2 Kb7 49. Kh3 Qh1# 0-1

[Event "BCF-chT 2122 (4NCL)"]
[Site "England"]
[Date "2022.02.13"]
[Round "4.106"]
[White "Franco, Gaston Nicolas"]
[Black "Izod, Chris"]
[Result "1-0"]
[WhiteElo "2037"]
[BlackElo "1919"]
[PlyCount "69"]
[EventDate "2021.11.27"]
[EventType "team-swiss"]
[EventRounds "11"]
[EventCountry "ENG"]
[SourceTitle "EXT 2023"]
[Source "ChessBase"]
[SourceDate "2022.10.05"]
[SourceVersion "1"]
[SourceVersionDate "2022.10.05"]
[SourceQuality "1"]
[WhiteTeam "Celtic Tigers"]
[BlackTeam "North East England"]
[WhiteTeamCountry "ENG"]
[BlackTeamCountry "ENG"]

1. e4 e6 2. d4 d5 3. Nd2 c5 4. exd5 Qxd5 5. Ngf3 Nf6 6. Bc4 Qd6 7. 0-0 cxd4 8. Nb3 Nc6 9. Nbxd4 Nxd4 10. Nxd4 Be7 11. Re1 0-0 12. c3 Bd7 13. Qf3 Rac8 14. Bf4 Qc5 15. Bb3 Bc6 16. Qh3 Bd5 17. Bc2 g6 18. Re3 Nh5 19. Bh6 Rfe8 20. Rae1 Ng7 21. g4 Bf6 22. Nf3 b5 23. Ne5 Qc7 24. Bf4 Qe7 25. Qh6 Bxe5 26. Bxe5 f6 27. Rh3 Nh5 28. gxh5 fxe5 29. hxg6 Qg7 30. Qg5 Qe7 31. Qxe5 Qg7 32. Rxh7 Qxe5 33. Rxe5 Rc4 34. Rg5 Bf3 35. g7 1-0

[Event "Newcastle Northumbria Masters"]
[Site "Newcastle on Tyne"]
[Date "2021.08.29"]
[Round "6"]
[White "Izod, Chris"]
[Black "Green, Andrew"]
[Result "0-1"]
[WhiteElo "1924"]
[BlackElo "2154"]
[PlyCount "160"]
[EventDate "2021.08.26"]
[EventType "swiss"]
[EventRounds "9"]
[EventCountry "ENG"]
[SourceTitle "CBM 204 Extra"]
[Source "ChessBase"]
[SourceDate "2021.11.30"]
[SourceVersion "1"]
[SourceVersionDate "2021.11.30"]
[SourceQuality "1"]

1. d4 Nf6 2. c4 g6 3. Nf3 Bg7 4. Nc3 0-0 5. g3 d6 6. Bg2 c6 7. 0-0 Bf5 8. Nh4 Be6 9. d5 cxd5 10. cxd5 Bd7 11. Bg5 Qb6 12. Qd2 Rc8 13. h3 Na6 14. Rac1 Be8 15. Be3 Qa5 16. Bd4 b5 17. a3 Qd8 18. b4 Nc7 19. e4 Nd7 20. Bxg7 Kxg7 21. f4 f6 22. Qd3 a5 23. Nf3 axb4 24. axb4 Na6 25. Rb1 Qb6+ 26. Kh2 Rc4 27. Nxb5 Qxb5 28. Nd4 Nxb4 29. Qe2 Qa6 30. Ne6+ Kg8 31. Ra1 Na2 32. Rf2 Ra4 33. Qxa6 R8xa6 34. Nc7 Nc3 35. Rc1 Na2 36. Ra1 Ra7 37. Nxe8 Nc3 38. Rxa4 Nxa4 39. Ra2 Ndc5 40. e5 Kf8 41. Nxd6 exd6 42. exd6 Rd7 43. Bf1 Rxd6 44. Bb5 Nb6 45. Bc6 Nxd5 46. Ra8+ Kg7 47. Ra7+ Kh6 48. Bxd5 Rxd5 49. g4 Rd7 50. Ra5 Ne4 51. h4 Rd2+ 52. Kh3 Rd3+ 53. Kh2 Rd7 54. g5+ Kg7 55. gxf6+ Kxf6 56. h5 Rd3 57. Ra7 h6 58. hxg6 Kxg6 59. Ra6+ Nd6 60. Ra5 Nf5 61. Ra8 Kh5 62. Rg8 Kh4 63. Rg6 Rd4 64. Rf6 Rxf4 65. Ra6 h5 66. Ra8 Ne3 67. Ra3 Nf5 68. Rh3+ Kg4 69. Ra3 Rf2+ 70. Kg1 Rd2 71. Rb3 h4 72. Rb4+ Nd4 73. Ra4 h3 74. Ra8 Nf3+ 75. Kf1 Rb2 76. Rg8+ Ng5 77. Kg1 Kh4 78. Kh1 Rb5 79. Ra8 Rb1+ 80. Kh2 Nf3# 0-1

[Event "Newcastle Northumbria Masters"]
[Site "Newcastle on Tyne"]
[Date "2021.08.28"]
[Round "4"]
[White "Izod, Chris"]
[Black "Mosnegutu, Klaus"]
[Result "0-1"]
[WhiteElo "1924"]
[BlackElo "2235"]
[PlyCount "55"]
[EventDate "2021.08.26"]
[EventType "swiss"]
[EventRounds "9"]
[EventCountry "ENG"]
[SourceTitle "CBM 204 Extra"]
[Source "ChessBase"]
[SourceDate "2021.11.30"]
[SourceVersion "1"]
[SourceVersionDate "2021.11.30"]
[SourceQuality "1"]

1. d4 Nf6 2. c4 e6 3. Nf3 b6 4. g3 Bb7 5. Bg2 Be7 6. 0-0 0-0 7. Re1 Ne4 8. Nfd2 f5 9. Qc2 d5 10. cxd5 exd5 11. Nc3 c5 12. Nf3 Nc6 13. Be3 c4 14. h4 h6 15. Qc1 Kh7 16. Rd1 Rc8 17. Bf4 Qd7 18. Bh3 Nxc3 19. Qxc3 Qe6 20. Qc2 Rce8 21. Kf1 Bc8 22. Ne5 g5 23. hxg5 hxg5 24. Nxc6 gxf4 25. Ne5 fxg3 26. f4 Qh6 27. Kg2 Qxf4 28. Rh1 0-1

[Event "Newcastle Northumbria Masters"]
[Site "Newcastle on Tyne"]
[Date "2019.08.26"]
[Round "6"]
[White "Izod, Chris"]
[Black "Ratnesan, Ranesh"]
[Result "0-1"]
[WhiteElo "1943"]
[BlackElo "2116"]
[PlyCount "74"]
[EventDate "2019.08.23"]
[EventType "swiss"]
[EventRounds "9"]
[EventCountry "ENG"]
[SourceTitle "EXT 2020"]
[Source "ChessBase"]
[SourceDate "2019.10.17"]
[SourceVersion "1"]
[SourceVersionDate "2019.10.17"]
[SourceQuality "1"]

1. d4 Nf6 2. c4 g6 3. Nc3 Bg7 4. Nf3 0-0 5. g3 d6 6. Bg2 c6 7. 0-0 Qa5 8. e4 Bg4 9. h3 Bxf3 10. Bxf3 e5 11. Be3 Nbd7 12. d5 cxd5 13. cxd5 Rfc8 14. a3 b5 15. b4 Qa6 16. Qd3 Nb6 17. a4 Rc4 18. axb5 Qc8 19. Rfc1 Nfd7 20. Bg4 f5 21. exf5 e4 22. Nxe4 Bxa1 23. Rxa1 Ne5 24. Qb1 Qd8 25. fxg6 hxg6 26. Be6+ Kh7 27. Ng5+ Kg7 28. Kg2 Rc3 29. Ne4 Rxe3 30. fxe3 Nbc4 31. Qb3 Qb6 32. Ra6 Nxe3+ 33. Kh1 Qd4 34. Nxd6 Rf8 35. Bf5 Nxf5 36. Qb1 Nxg3+ 37. Kh2 Qf2# 0-1

[Event "Newcastle Northumbria Masters"]
[Site "Newcastle on Tyne"]
[Date "2019.08.25"]
[Round "5"]
[White "Eggleston, Thomas"]
[Black "Izod, Chris"]
[Result "1/2-1/2"]
[WhiteElo "2170"]
[BlackElo "1943"]
[PlyCount "118"]
[EventDate "2019.08.23"]
[EventType "swiss"]
[EventRounds "9"]
[EventCountry "ENG"]
[SourceTitle "EXT 2020"]
[Source "ChessBase"]
[SourceDate "2019.10.17"]
[SourceVersion "1"]
[SourceVersionDate "2019.10.17"]
[SourceQuality "1"]

1. e4 e6 2. d4 d5 3. exd5 exd5 4. c4 Nf6 5. Nc3 Bb4 6. Nf3 0-0 7. Bd3 Re8+ 8. Be3 dxc4 9. Bxc4 Bg4 10. Qb3 Qe7 11. Ne5 Bh5 12. 0-0 Nc6 13. Nxc6 bxc6 14. h3 Bd6 15. Qa4 Qd7 16. Qa5 Bg6 17. Rfe1 Rab8 18. Qg5 Rxb2 19. Na4 Ne4 20. Qg4 Bf5 21. Qf3 Rb4 22. Bb3 Rb5 23. Rad1 Bb4 24. Nc5 Qc8 25. Rf1 Nxc5 26. dxc5 Ra5 27. Qxc6 Be4 28. Qd7 Bg6 29. c6 Bd6 30. Rxd6 cxd6 31. Qxd6 Rd8 32. Qb4 Ra6 33. Ba4 Rxc6 34. Bxc6 Qxc6 35. Qe7 Qd7 36. Qxd7 Rxd7 37. Rc1 h6 38. Rc8+ Kh7 39. Ra8 Be4 40. Rxa7 Rxa7 41. Bxa7 Bc6 42. g3 Kg6 43. Kf1 Kf5 44. Ke2 Ke4 45. f3+ Ke5 46. Ke3 g6 47. g4 f5 48. Bd4+ Ke6 49. Bg7 h5 50. gxh5 gxh5 51. Kf4 Kf7 52. Bc3 Ke6 53. Kg3 Kf7 54. f4 Ba4 55. Kf2 Ke6 56. Ke3 Bb5 57. Kd4 Bf1 58. h4 Kf6 59. Bb4 Ke6 1/2-1/2

[Event "BCF-chT1d 1819 (4NCL) Demotion pool"]
[Site "England"]
[Date "2019.03.17"]
[Round "8.67"]
[White "Guha, Chirag"]
[Black "Izod, Chris"]
[Result "1-0"]
[WhiteElo "1933"]
[BlackElo "1968"]
[PlyCount "67"]
[EventDate "2018.11.10"]
[EventType "team-tourn"]
[EventRounds "4"]
[EventCountry "ENG"]
[SourceTitle "CBM 189 Extra"]
[Source "ChessBase"]
[SourceDate "2019.05.31"]
[SourceVersion "1"]
[SourceVersionDate "2019.05.31"]
[SourceQuality "1"]
[WhiteTeam "Wood Green Monarchs"]
[BlackTeam "North East England"]
[WhiteTeamCountry "ENG"]
[BlackTeamCountry "ENG"]

1. d4 Nf6 2. c4 e6 3. g3 d5 4. Nf3 Be7 5. Bg2 0-0 6. 0-0 dxc4 7. Qc2 b6 8. Ne5 Nd5 9. Nxc4 Bb7 10. a3 c5 11. e4 Nf6 12. dxc5 Bxc5 13. Rd1 Qc8 14. b4 Be7 15. Bb2 Nbd7 16. Nbd2 Qc6 17. Rac1 Rac8 18. Qb3 Qb5 19. e5 Nd5 20. Bf1 Nb8 21. Nd6 Qd7 22. Nxc8 Rxc8 23. Rxc8+ Qxc8 24. Bg2 h5 25. h4 Nc6 26. Nc4 Qb8 27. Ne3 Nxe5 28. Nxd5 exd5 29. Bxd5 Bxd5 30. Qxd5 Bf6 31. Bxe5 Bxe5 32. Qd8+ Qxd8 33. Rxd8+ Kh7 34. Ra8 1-0

[Event "Newcastle on Tyne op"]
[Site "Newcastle on Tyne"]
[Date "2018.02.16"]
[Round "4"]
[White "Haria, Ravi"]
[Black "Izod, Chris"]
[Result "1-0"]
[WhiteElo "2376"]
[BlackElo "1882"]
[PlyCount "89"]
[EventDate "2018.02.14"]
[EventType "swiss"]
[EventRounds "9"]
[EventCountry "ENG"]
[SourceTitle "CBM 182 Extra"]
[Source "ChessBase"]
[SourceDate "2018.02.23"]
[SourceVersion "1"]
[SourceVersionDate "2018.02.23"]
[SourceQuality "1"]

1. Nf3 e6 2. g3 d5 3. Bg2 Nf6 4. 0-0 Be7 5. c4 0-0 6. d4 c6 7. Qc2 b6 8. b3 Nbd7 9. Bb2 Ba6 10. Nbd2 Rc8 11. e4 Qc7 12. Rfe1 Rfd8 13. Rad1 b5 14. e5 Ne8 15. c5 b4 16. Nf1 Bb5 17. Ne3 a5 18. h4 Ra8 19. Ng5 Nf8 20. f4 g6 21. Ng4 Kg7 22. h5 gxh5 23. Nh2 Kg8 24. g4 Bxg5 25. fxg5 h4 26. g6 fxg6 27. Bc1 Qg7 28. g5 Nc7 29. Ng4 Nd7 30. Qf2 Rf8 31. Nf6+ Nxf6 32. exf6 Qf7 33. Bf4 Rfe8 34. Qxh4 a4 35. Qg3 Ra7 36. Bh3 axb3 37. axb3 Ba6 38. Ra1 Nb5 39. Qe3 Bc8 40. Be5 Ra3 41. Bf1 Ba6 42. Qd2 Nc7 43. Qxb4 Rxa1 44. Rxa1 Bxf1 45. Ra7 1-0

[Event "Newcastle on Tyne op"]
[Site "Newcastle on Tyne"]
[Date "2018.02.15"]
[Round "2"]
[White "Britton, Richard"]
[Black "Izod, Chris"]
[Result "1/2-1/2"]
[WhiteElo "2255"]
[BlackElo "1882"]
[PlyCount "136"]
[EventDate "2018.02.14"]
[EventType "swiss"]
[EventRounds "9"]
[EventCountry "ENG"]
[SourceTitle "CBM 182 Extra"]
[Source "ChessBase"]
[SourceDate "2018.02.23"]
[SourceVersion "1"]
[SourceVersionDate "2018.02.23"]
[SourceQuality "1"]

1. e4 e6 2. d3 c5 3. Nf3 Nc6 4. g3 Nf6 5. Bg2 Be7 6. 0-0 0-0 7. Re1 d5 8. e5 Nd7 9. Nbd2 Qc7 10. Qe2 b5 11. Nf1 a5 12. Bf4 Bb7 13. h4 Rfc8 14. N1h2 a4 15. a3 b4 16. c3 Na5 17. Bh3 Nb3 18. Rad1 bxc3 19. bxc3 Qc6 20. h5 h6 21. Bg2 c4 22. d4 Bxa3 23. g4 Kf8 24. g5 hxg5 25. Nxg5 Be7 26. Qg4 Bxg5 27. Bxg5 Nb6 28. h6 gxh6 29. Bf6 Nd7 30. Qg7+ Ke8 31. Qg8+ Nf8 32. Ng4 Qc7 33. Nxh6 Kd7 34. Nxf7 Kc6 35. Nd6 a3 36. Nxc8 Qxc8 37. Qg4 a2 38. Ra1 Nxa1 39. Rxa1 Ra6 40. Qe2 Ra4 41. Rxa2 Qa8 42. Rxa4 Qxa4 43. Bg7 Qa3 44. Qf3 Qc1+ 45. Kh2 Ng6 46. Bh3 Qf4+ 47. Qxf4 Nxf4 48. Bf1 Kb5 49. Bh6 Nd3 50. f4 Bc8 51. Bg2 Kc6 52. Kg3 Nb2 53. Bf8 Nd1 54. Bb4 Ne3 55. Bh3 Kd7 56. Kh4 Ke8 57. Kg5 Kf7 58. Ba3 Bd7 59. Bc1 Nf5 60. Bg4 Kg7 61. Ba3 Kf7 62. Bb4 Ng7 63. Kh6 Nf5+ 64. Kh7 Ng7 65. Be7 Ba4 66. Bf6 Bc2+ 67. Kh6 Nf5+ 68. Kg5 Ng3 1/2-1/2

[Event "Durham op"]
[Site "Houghton le Spring"]
[Date "2016.04.16"]
[Round "3"]
[White "Bielby, Paul R"]
[Black "Izod, Chris"]
[Result "1/2-1/2"]
[WhiteElo "1895"]
[BlackElo "1892"]
[PlyCount "40"]
[EventDate "2016.04.15"]
[EventType "swiss"]
[EventRounds "5"]
[EventCountry "ENG"]
[SourceTitle "CBM 171 Extra"]
[Source "ChessBase"]
[SourceDate "2016.04.26"]
[SourceVersion "1"]
[SourceVersionDate "2016.04.26"]
[SourceQuality "1"]

1. e4 e6 2. d4 d5 3. Nd2 dxe4 4. Nxe4 Bd7 5. Nf3 Bc6 6. Bd3 Nd7 7. Bg5 Be7 8. Qe2 Ngf6 9. Nxf6+ Nxf6 10. 0-0 Bxf3 11. Qxf3 c6 12. Bxf6 Bxf6 13. c3 Qd5 14. Qxd5 cxd5 15. f4 g6 16. Kf2 h5 17. Kf3 Kd7 18. g3 Rab8 19. a4 Be7 20. h4 a6 1/2-1/2